000 00545nam a22001817a 4500
005 20251108172232.0
008 250721s1998 xx 000 0 ara d
082 1 4 _a214.2/صوف
100 1 _aالصوفي، ماهر أحمد
245 1 0 _aعالم الإنس و الجن و الشياطين بين الحقائق والأوهام /
264 1 _aحلب :
_bدار الرضوان للنشر،
_c1998.
300 _a166ص
650 1 7 _aالذكر
650 1 7 _aالشيطان
650 1 7 _aالجن
942 _2ddc
_cBK
999 _c73850
_d73850